Elementary Statistics (Record no. 3733)

MARC details
005 - DATE AND TIME OF LATEST TRANSACTION
control field 20250611112537.0
020 ## - INTERNATIONAL STANDARD BOOK NUMBER
International Standard Book Number 0471401420
082 ## - DEWEY DECIMAL CLASSIFICATION NUMBER
Classification number 519.5PEL
100 ## - MAIN ENTRY--PERSONAL NAME
Author name PELOSI.K .M
111 ## - MAIN ENTRY--MEETING NAME
Meeting name or jurisdiction name as entry element USA
245 ## - TITLE STATEMENT
Title Elementary Statistics
260 ## - PUBLICATION, DISTRIBUTION, ETC.
Place of publication, distribution, etc. USA
Name of publisher, distributor, etc. PELOSI. K. M
Date of publication, distribution, etc. 2003
300 ## - PHYSICAL DESCRIPTION
Extent xxii, 793, ill, table, figure, picture
Other physical details Appendix, Index
Dimensions 28CM
700 ## - ADDED ENTRY--PERSONAL NAME
Other authors/Editors SANDIFER. M. T
942 ## - ADDED ENTRY ELEMENTS (KOHA)
Source of classification or shelving scheme Dewey Decimal Classification
Koha item type Books
Holdings
Date last seen Total checkouts Full call number Barcode Cost, replacement price Price effective from Koha item type Lost status Source of classification or shelving scheme Damaged status Not for loan Withdrawn status Home library Current library Date acquired Source of acquisition Cost, normal purchase price
06/11/2025   519.5PEL DOM000788 18000.00 06/11/2025 Books   Dewey Decimal Classification       CBE Dodoma CBE Dodoma 05/12/2008 DONATION 6000.00